Datum a čas kvízu
32
Celkem bodů
Celkový počet nahraných bodů na tomto kvízu bez doplňovacích otázek.
3.
Pořadí na kvízu
Konečné umístění týmu na tomto kvízu.
Zaznamenané odpovědi
| # | Otázka | Odpověď | Body | Výsledky |
|---|---|---|---|---|
| 1. | Bývalý starosta pražských Řepo... | (Vazební) věznice Pankrác | 1 | |
| 2. | Pár přísně chráněných živočich... | B) užovky | 0 | |
| 3. | Minulý týden proběhl v Ostravě... | Beats for Love | 1 | |
| 4. | Minulý týden jsme se dozvěděli... | za Sandru Bullock | 1 | |
| 5. | V sobotu odstartoval v Lille 1... | Pavel Bittner | 0 | |
| 6. | V tomto tématu se budeme zabýv... | Pilsner Urquell | 0 | |
| 7. | Jednu z legendárních reklam na... | žvýkačka | 1 | |
| 8. | Pro kterou firmu vyrábějící tu... | Fruko-Schulz | 0 | |
| 9. | Pro kterou módní značku se Raf... | Tommy Hilfiger | 1 | |
| 10. | Ne vždy sportovci produktům, n... | Coca-Cola | 1 |